000 00382nam a2200157Ia 4500
003 GCL
008 140319s9999 xx 000 0 eng d
040 _aGCL /
_cGCL
082 0 4 _a952
_bH J
100 1 _aHOIKUSHA PUBLISHING CO.,
245 1 0 _aJAPAN /
_cHOIKUSHA PUBLISHING CO.,
260 _a[S.N] :
_bHOIKUSHA
300 _a128 P
650 0 4 _aJAPAN - HISTORY
942 _2ddc
_cBK
999 _c19667
_d19667